Team Plasma Boss Fights - Statistics

General Stats
  • This quiz has been taken 54 times
    46 since last reset
  • The average score is 33 of 44
Answer Stats
Hint Answer % Correct
N, BW Klink
94%
Colress Klink
94%
Colress Magnezone
91%
N, BW Purrloin
91%
N, BW Zoroark
91%
N, BW Klinklang
88%
Colress Klinklang
88%
N, B Reshiram
88%
Ghetsis, UM Reshiram
88%
N, W Zekrom
88%
Ghetsis, US Zekrom
88%
Colress Magneton
85%
Ghetsis, BW Hydreigon
82%
Ghetsis, BW Cofagrigus
79%
N, BW Darumaka
79%
Colress Magnemite
79%
Ghetsis, BW Bouffalant
76%
Zinzolin Cryogonal
76%
N, BW Joltik
76%
Ghetsis, B2 Kyurem (Black)
76%
Ghetsis, W2 Kyurem (White)
76%
N, BW Sandile
76%
N, BW Scraggy
76%
N, BW Sigilyph
76%
Colress Metagross
73%
N, BW Pidove
73%
N, BW Timburr
73%
N, BW Vanilluxe
73%
Zinzolin Weavile
73%
Colress Elgyem
70%
N, BW Ferroseed
70%
Colress Metang
70%
N, BW Tympole
70%
N, BW Archeops
67%
Colress Beheeyem
67%
Ghetsis, BW Seismitoad
67%
N, BW Carracosta
64%
Zinzolin Sneasel
64%
N, BW Boldore
61%
Ghetsis, BW2 Toxicroak
58%
Ghetsis, BW Eelektross
55%
Ghetsis, BW Bisharp
52%
Ghetsis, BW2 Drapion
48%
Colress Rotom (Wash)
45%
No matching quizzes found
Score Distribution
Percent of People with Each Score
Percentile by Number Answered
Your Score History
You have not taken this quiz since the last reset